Statistics for Solomon Islands First Level Subdivisions

Click here to take the quiz!

General Stats

  • This quiz has been taken 98 times
  • The average score is 5 of 10

Answer Stats

Provinces% Correct
Guadalcanal
85%
Capital Territory
75%
Central
65%
Choiseul
65%
Isabel
65%
Malaita
45%
Western
45%
Temotu
35%
Makira-Ulawa
25%
Rennell and Bellona
25%

Score Distribution

Percentile by Number Answered

Percent of People with Each Score

Your Score History

You have not taken this quiz